| 000 | 00744nam a2200289Ia 4500 | ||
|---|---|---|---|
| 008 | 170711s9999 xx 000 0 und d | ||
| 020 | _a9781906155834 | ||
| 050 | _a707 | ||
| 050 | _bD767 2009 | ||
| 100 | _aDraught Associates | ||
| 245 | _aVisual aid2 : | ||
| 245 | _byou can never know enough stuff / | ||
| 245 | _cby Draught Associates. | ||
| 260 | _aLondon : | ||
| 260 | _bBlack dog, | ||
| 260 | _c2009 | ||
| 300 | _aunpaged : | ||
| 300 | _bcolored illustrations ; | ||
| 300 | _c17cm. | ||
| 650 | _aCuriosities and wonders -- | ||
| 650 | _aQuestion and answers -- | ||
| 650 | _aSigns and symbols -- | ||
| 650 | _xPictorial works. | ||
| 650 | _xPictorial works. | ||
| 650 | _xPictorial works. | ||
| 700 | _aTitle. | ||
| 999 |
_c339834 _d339834 |
||